| 000 | 00637nam a22001697a 4500 | ||
|---|---|---|---|
| 999 |
_c14973 _d14973 |
||
| 003 | AR-CdUCM | ||
| 008 | 190425b ||||| |||| 00| 0 spa d | ||
| 040 |
_aMUNICIPALIDAD PROVINCIAL DEL CUSCO _cBIBLIOTECA MUNICIPAL DEL CUSCO |
||
| 082 |
_aC / 051.320 / _bP252 |
||
| 245 | _aParlante barrial / | ||
| 260 |
_aCusco : _bCentro Guaman Poma de Ayala, _c1985. |
||
| 300 |
_a8 pƔginas ; _c21 cm. |
||
| 440 |
_aParlante _n02 _933959 |
||
| 505 | _aaniversario de la muerte de Mons -- Agua potable en 9 asentamientos de la zona de santiago -- Municipios y organización popular -- Estudiantes de los incas... | ||
| 942 |
_2ddc _cPP |
||
| 945 | _awfj | ||